000 00881nam a2200253Ia 4500
003 OSt
005 20220923213020.0
006 a|||||r|||| 00| 0
007 ta
008 220922b |||||||| |||| 00| 0 hin d
024 _a158,347
037 _cTextual
040 _aARTS
_cARTS
_bhin
041 _2hin
_ahin
082 _aO152,8xN, K5
100 _aव्यास, गोपाल प्रसाद, संपा.
245 0 _aहिन्दी व्यंग्य विनोद
246 _aHindī vyangya vinoda
260 _aदिल्ली
_b भारतीय साहित्य मंदिर
_c1965
300 _a266पृ.
_ccm.
650 _aहिन्दी साहित्य
_9156264
942 _hO152,8xN, K5
_cTEXL
_2CC
999 _c313146
_d313146